Sangre y oro / (Registro nro. 30652)

Detalles MARC
000 -LEADER
fixed length control field 00351nam a22001337a 4500
008 - FIXED-LENGTH DATA ELEMENTS--GENERAL INFORMATION
fixed length control field 240220b |||||||| |||| 00| 0 eng d
020 ## - INTERNATIONAL STANDARD BOOK NUMBER
International Standard Book Number 8466613471
082 ## - DEWEY DECIMAL CLASSIFICATION NUMBER
Classification number A-N
Item number RICS
100 ## - MAIN ENTRY--PERSONAL NAME
Personal name Rice, Anne
Relator term autor
9 (RLIN) 42174
245 ## - TITLE STATEMENT
Title Sangre y oro /
Statement of responsibility, etc. Anne Rice
260 ## - PUBLICATION, DISTRIBUTION, ETC.
Place of publication, distribution, etc. Barcelona:
Name of publisher, distributor, etc. Ediciones B,
Date of publication, distribution, etc. 2003
300 ## - PHYSICAL DESCRIPTION
Extent 517 páginas;
Dimensions 23 cm.
942 ## - ADDED ENTRY ELEMENTS (KOHA)
Source of classification or shelving scheme Dewey Decimal Classification
Existencias
Withdrawn status Lost status Source of classification or shelving scheme Damaged status Not for loan Home library Current library Date acquired Total Checkouts Full call number Barcode Date last seen Copy number Price effective from Koha item type Public note
    Dewey Decimal Classification     Biblored Biblioteca Pública José María del Castillo y Rada 02/16/2024   A-N RICS 35714003844415   Ej. 1 02/20/2024 Books Material interbibliotecario Bibliored